EBRD - bilance aktivit v roce 1992.

Európska banka pre obnovu a rozvoj (EBRD) zahájila svoju činnosť v r. 1991 v Londýne. Poskytuje pôžičky a investície výlučne na projekty alebo investičné programy krajinám strednej a východnej Európy. Správa o výsledkoch banky EBRD vo finančnom roku 1992 (schválené projekty, špeciálne fondy založené...

Full description

Saved in:
Bibliographic Details
Format: Book Chapter
Language:Czech
Subjects:
Tags: Add Tag
No Tags, Be the first to tag this record!

MARC

LEADER 00000naa a2200000 4500
001 r013610
005 20221213083215.9
041 0 |a cze 
044 |a CZ 
245 1 0 |a EBRD - bilance aktivit v roce 1992. 
520 |a Európska banka pre obnovu a rozvoj (EBRD) zahájila svoju činnosť v r. 1991 v Londýne. Poskytuje pôžičky a investície výlučne na projekty alebo investičné programy krajinám strednej a východnej Európy. Správa o výsledkoch banky EBRD vo finančnom roku 1992 (schválené projekty, špeciálne fondy založené pre baltské štáty, finančné aktivity). 
610 2 0 |a banky 
610 2 0 |a Európska banka pre obnovu a rozvoj 
610 2 0 |a pomoc finančná 
610 2 0 |a pomoc rozvojová 
610 2 0 |a stredná Európa 
610 2 0 |a východná Európa 
610 2 0 |a 1992